On the role of diplomatic language

Úloha diplomatického jazyka v oblasti medzinárodných vzťahov. Komunikačné zručnosti diplomatov.

Enregistré dans:
Détails bibliographiques
Auteur principal: Rusiňáková, Jarmila, 1959-
Format: Chapitre de livre
Langue:anglais
Sujets:
Tags: Ajouter un tag
Pas de tags, Soyez le premier à ajouter un tag!

MARC

LEADER 00000naa a2200000 4500
001 0198721
005 20240502073346.7
041 0 |a eng 
044 |a SK 
245 1 0 |a On the role of diplomatic language  |c Jarmila Rusiňáková 
520 |a Úloha diplomatického jazyka v oblasti medzinárodných vzťahov. Komunikačné zručnosti diplomatov. 
610 2 0 |a jazykoveda 
610 2 0 |a komunikácia 
610 2 0 |a jazyky cudzie 
610 2 0 |a diplomati 
610 2 0 |a diplomacia 
610 2 0 |a vzťahy zahraničné 
100 1 |a Rusiňáková, Jarmila, 1959-